世界遺産琉球王国のグスク及び関連遺産群の構成遺産 - Statistics

General Stats
  • This quiz has been taken 18 times
  • The average score is 5 of 9
Answer Stats
市町村 回答 % Correct
今帰仁村 今帰仁城跡
80%
うるま市 勝連城跡
73%
那覇市 首里城跡
67%
中城村・北中城村 中城城跡
60%
南城市 斎場御嶽
53%
那覇市 識名園
47%
那覇市 玉陵
40%
読谷村 座喜味城跡
33%
那覇市 園比屋武御嶽石門
27%
No matching quizzes found
Score Distribution
Percent of People with Each Score
Percentile by Number Answered
Your Score History
You have not taken this quiz